<?xml version="1.0" encoding="UTF-8"?>
<record
    xmlns:xsi="http://www.w3.org/2001/XMLSchema-instance"
    xsi:schemaLocation="http://www.loc.gov/MARC21/slim http://www.loc.gov/standards/marcxml/schema/MARC21slim.xsd"
    xmlns="http://www.loc.gov/MARC21/slim">

  <leader>017430000a22003130004500</leader>
  <controlfield tag="003">EG-GICUC</controlfield>
  <controlfield tag="005">20250223032127.0</controlfield>
  <controlfield tag="008">061016s2006    ua d   f m    000 0 eng d</controlfield>
  <datafield tag="040" ind1=" " ind2=" ">
    <subfield code="a">EG-GICUC</subfield>
    <subfield code="b">eng</subfield>
    <subfield code="c">EG-GICUC</subfield>
  </datafield>
  <datafield tag="041" ind1="0" ind2=" ">
    <subfield code="a">Eng</subfield>
  </datafield>
  <datafield tag="049" ind1=" " ind2=" ">
    <subfield code="a">Deposite</subfield>
  </datafield>
  <datafield tag="097" ind1=" " ind2=" ">
    <subfield code="a">M.Sc</subfield>
  </datafield>
  <datafield tag="099" ind1=" " ind2=" ">
    <subfield code="a">Cai01.12.02.M.Sc.2006.Mo.C.</subfield>
  </datafield>
  <datafield tag="100" ind1="0" ind2=" ">
    <subfield code="a">Mohammed Aref Marwan Kyyaly</subfield>
  </datafield>
  <datafield tag="245" ind1="1" ind2="0">
    <subfield code="a">Cloning , overexpression , and characterization of human lung mast cell carboxypeptidase a in the yeast saccharomyces cerevisiae / </subfield>
    <subfield code="c">Mohammed Aref Marwan Kyyaly ; Supervised Sayed Kamel Goda</subfield>
  </datafield>
  <datafield tag="246" ind1="1" ind2="5">
    <subfield code="a">&#x627;&#x633;&#x62A;&#x646;&#x633;&#x627;&#x62E; &#x648;&#x627;&#x644;&#x62A;&#x639;&#x628;&#x64A;&#x631; &#x639;&#x646; &#x648;&#x62F;&#x631;&#x627;&#x633;&#x629; &#x627;&#x646;&#x632;&#x64A;&#x645; &#x627;&#x644;&#x643;&#x631;&#x628;&#x648;&#x643;&#x633;&#x649; &#x628;&#x628;&#x62A;&#x64A;&#x62F;&#x64A;&#x632; &#x645;&#x646; &#x62E;&#x644;&#x627;&#x64A;&#x627; &#x627;&#x644;&#x631;&#x626;&#x629; &#x627;&#x644;&#x628;&#x634;&#x631;&#x64A;&#x629; &#x627;&#x644;&#x62C;&#x630;&#x639;&#x64A;&#x629; &#x641;&#x649; &#x62E;&#x645;&#x64A;&#x631;&#x629; &#x627;&#x644;&#x62E;&#x628;&#x632;</subfield>
  </datafield>
  <datafield tag="260" ind1=" " ind2=" ">
    <subfield code="a">Cairo : </subfield>
    <subfield code="b">Mohammed Aref Marwan Kyyaly , </subfield>
    <subfield code="c">2006</subfield>
  </datafield>
  <datafield tag="300" ind1=" " ind2=" ">
    <subfield code="a">89P : </subfield>
    <subfield code="b">diagrs ; </subfield>
    <subfield code="c">30cm</subfield>
  </datafield>
  <datafield tag="502" ind1=" " ind2=" ">
    <subfield code="a">Thesis (M.Sc.) - Cairo University - Faculty Of Science - Department Of Biochemistry</subfield>
  </datafield>
  <datafield tag="520" ind1=" " ind2=" ">
    <subfield code="a">Human skin and lung mast cells contain a carboxypeptidase in their secretory granulesThe biological function of carboxypeptidase A , CPA is uncertain but previous studies suggested that CPA could be involved in the metabolism of leukotrienesThe aim of this study was to clone the gene encoding the human mast cell carboxypeptidase A (hMC - CPA) in yeastThe results showed that the gene was expressed in Ecoli when cloned into the expression vector of Ecoli , pET28a</subfield>
  </datafield>
  <datafield tag="530" ind1=" " ind2=" ">
    <subfield code="a">Issued also as CD</subfield>
  </datafield>
  <datafield tag="653" ind1=" " ind2="4">
    <subfield code="a">Cloning in yeast</subfield>
  </datafield>
  <datafield tag="653" ind1=" " ind2="4">
    <subfield code="a">Human lung mast cell carboxypeptidase</subfield>
  </datafield>
  <datafield tag="700" ind1="0" ind2=" ">
    <subfield code="a">Sayed Kamel Goda , </subfield>
    <subfield code="e">Supervisor</subfield>
  </datafield>
  <datafield tag="856" ind1=" " ind2=" ">
    <subfield code="u">http://172.23.153.220/th.pdf</subfield>
  </datafield>
  <datafield tag="905" ind1=" " ind2=" ">
    <subfield code="a">Mustafa</subfield>
    <subfield code="e">Revisor</subfield>
  </datafield>
  <datafield tag="905" ind1=" " ind2=" ">
    <subfield code="a">Samia</subfield>
    <subfield code="e">Cataloger</subfield>
  </datafield>
  <datafield tag="942" ind1=" " ind2=" ">
    <subfield code="2">ddc</subfield>
    <subfield code="c">TH</subfield>
  </datafield>
  <datafield tag="999" ind1=" " ind2=" ">
    <subfield code="c">68889</subfield>
    <subfield code="d">68889</subfield>
  </datafield>
  <datafield tag="952" ind1=" " ind2=" ">
    <subfield code="2">ddc</subfield>
    <subfield code="7">0</subfield>
    <subfield code="a">CUCL</subfield>
    <subfield code="b">cl210</subfield>
    <subfield code="d">2024-02-11</subfield>
    <subfield code="o">Cai01.12.02.M.Sc.2006.Mo.C.</subfield>
    <subfield code="p">01010110046006000</subfield>
    <subfield code="r">2023-09-22 00:00:00</subfield>
    <subfield code="y">TH</subfield>
  </datafield>
  <datafield tag="952" ind1=" " ind2=" ">
    <subfield code="2">ddc</subfield>
    <subfield code="7">0</subfield>
    <subfield code="a">CUCL</subfield>
    <subfield code="b">cl2u8</subfield>
    <subfield code="d">2024-02-11</subfield>
    <subfield code="o">Cai01.12.02.M.Sc.2006.Mo.C.</subfield>
    <subfield code="p">01020110046006000</subfield>
    <subfield code="r">2023-09-22 00:00:00</subfield>
    <subfield code="y">CD</subfield>
  </datafield>
</record>
